Textbook of engineering drawing: (Record no. 27953)

MARC details
000 -LEADER
fixed length control field 00871nam a22002297a 4500
005 - DATE AND TIME OF LATEST TRANSACTION
control field 20090629140855.0
008 - FIXED-LENGTH DATA ELEMENTS--GENERAL INFORMATION
fixed length control field 090629t xxu||||| |||| 00| 0 eng d
010 ## - LCCN (DPL NO)
LC control number ENG-94290
020 ## - INTERNATIONAL STANDARD BOOK NUMBER
International Standard Book Number 9788178001760
Terms of availability 200.00
035 ## - SYSTEM CONTROL NUMBER
System control number EN-77823
037 ## - SOURCE OF ACQUISITION
Source of stock number/acquisition DBAD / PUB
040 ## - CATALOGING SOURCE
Original cataloging agency dpl
Language of cataloging English
082 ## - DEWEY DECIMAL CLASSIFICATION NUMBER
Classification number 604.2
100 ## - MAIN ENTRY--PERSONAL NAME
Personal name Reddy, K. Venkata
245 ## - TITLE STATEMENT
Title Textbook of engineering drawing:
Remainder of title (as per BIS:SP46:2003) /
Statement of responsibility, etc by K. Venkata Reddy
250 ## - EDITION STATEMENT
Edition statement 3rd enl. ed.
260 ## - PUBLICATION, DISTRIBUTION, ETC. (IMPRINT)
Place of publication, distribution, etc Hyderabad
Name of publisher, distributor, etc BS Publications
Date of publication, distribution, etc 2009
270 ## - ADDRESS
Address 4-4-309, Giriraj Lane, Sultan Bazar,
City Hyderabad
Postal code 500095
300 ## - PHYSICAL DESCRIPTION
Extent xviii, 459p.:
Other physical details ill.
Dimensions 25cm(pbk)
942 ## - ADDED ENTRY ELEMENTS (KOHA)
Source of classification or shelving scheme Dewey Decimal Classification
Item type English Books
Call number suffix RED
Classification part 604.2
Holdings
Withdrawn status Lost status Source of classification or shelving scheme Damaged status Not for loan Collection code Home library Current library Date acquired Source of acquisition Cost, normal purchase price Total Checkouts Full call number Barcode Date last seen Copy number Cost, replacement price Koha item type
    Dewey Decimal Classification   Not For Loan Non-fiction D.B.Act.Division D.B.Act.Division 29/06/2009 DBAD / PUB 200.00   604.2 RED EN-77823 29/06/2009 1 200.00 English Books

© Delhi Public Library
Hit Counter
free hit counter